| 000 | 00454nam a2200145 4500 | ||
|---|---|---|---|
| 005 | 20260217101346.0 | ||
| 008 | 260217b |||||||| |||| 00| 0 eng d | ||
| 020 | _a9781121913967 | ||
| 100 | _aWilley Joanne, Sherwood Linda and Woolverton Chris | ||
| 245 |
_aPrescott's Microbiology _c/Joanne, Linda & Chris |
||
| 250 | _a9th ed | ||
| 260 |
_aUnited States of America; _bMcGraw-Hill Companies: _c2013 |
||
| 300 |
_axi, 1149p. ill; _c28cm |
||
| 942 |
_2lcc _n0 _cBK |
||
| 999 |
_c162 _d162 |
||